00754 2200241 4500001002100000005001700021008004100038035002400079082001000103090002000113100001800133245012700151250001100278260003100289300001800320500008000338650002200418700001900440700001700459850001500476985000600491999001500497YOGYA-0209000002829720090227024222.0 ind  0010-020900000028297 a297.3 a297.3bJer MlT aJERJIS, Malak aMengapa anak-anak berbohongbbagaimana mereka belajar jujurcMalak Kerkis; penerjemah, Alva Yusriyah; editor Saiful Bahari aCet. 2 aSolobPustaka Mantiqc1995 a66 hlmc15 cm aJudul asli: Limaadza Yukadzzibu Athfal (Wa Kaifa Yata' Allamunash Shiddiqo) aPendidikan akhlak aYusriyah, Alva aBahri Saiful aYOPDYOG(B) a1 a98P0110960